ბათუმის შოთა რუსთაველის სახელმწიფო უნივერსიტეტის ბიბლიოთეკა

Unterwegs zum Goldenen Vlies: (ბიბ.ჩანაწერი № 60590)

000 -LEADER
fixed length control field 00798nam a22001937a 4500
005 - DATE AND TIME OF LATEST TRANSACTION
control field 20230913144036.0
008 - FIXED-LENGTH DATA ELEMENTS--GENERAL INFORMATION
fixed length control field 230913s1995 gw ||||| |||| 00| 0 ger d
020 ## - INTERNATIONAL STANDARD BOOK NUMBER
International Standard Book Number 3806211922
041 ## - LANGUAGE CODE
Language code of text/sound track or separate title ger
080 ## - UNIVERSAL DECIMAL CLASSIFICATION NUMBER
Universal Decimal Classification number 904(479.22):902.2(479.22) U-50
245 ## - TITLE STATEMENT
Title Unterwegs zum Goldenen Vlies:
Remainder of title Archäologische Funde aus Georgien /
Statement of responsibility, etc. Herausgeber Andrei Miron, Winfried Orthmann.
264 ## - PRODUCTION, PUBLICATION, DISTRIBUTION, MANUFACTURE, AND COPYRIGHT NOTICE
Place of production, publication, distribution, manufacture Saarbruchen,
Date of production, publication, distribution, manufacture, or copyright notice 1955.
300 ## - PHYSICAL DESCRIPTION
Extent 343 p.:
Other physical details ill.;
Dimensions 28 cm.
653 ## - INDEX TERM--UNCONTROLLED
keyword ოქროს საწმისის გზაზე
653 ## - INDEX TERM--UNCONTROLLED
keyword არქეოლოგიური აღმოჩენები საქართველოდან
700 ## - ADDED ENTRY--PERSONAL NAME
Personal name Miron, Andrei
Relator term რედაქტორი
9 (RLIN) 19813
700 ## - ADDED ENTRY--PERSONAL NAME
Personal name Orthmann, Winfried
Relator term რედაქტორი
9 (RLIN) 19814
942 ## - ADDED ENTRY ELEMENTS (KOHA)
Source of classification or shelving scheme
Koha item type წიგნი
ეგზემპლარები
Withdrawn status Lost status Source of classification or shelving scheme Damaged status Not for loan Permanent Location Current Location Shelving location Date acquired Cost, normal purchase price Full call number Barcode Date last seen Copy number Uniform Resource Identifier Price effective from Koha item type Public note
          ბათუმის შოთა რუსთაველის სახელმწიფო უნივერსიტეტის მთავარი ბიბლიოთეკა ბათუმის შოთა რუსთაველის სახელმწიფო უნივერსიტეტის მთავარი ბიბლიოთეკა წიგნსაცავი 2023-09-13 20.00 904(479.22):902.2(479.22) U-50 65209 2023-09-13 65209 ბსუ-ს საპატიო დოქტორის გურამ ლორთქიფანიძის საჩუქარი 2023-09-13 წიგნი 20 ლ.